MARC

LEADER 00000nas a2200000 a 4500
001 ssj0002176818
003 WaSeSS
005 20200512172242.0
006 m d
007 cr n
008 820514c19799999ch uu p s 0 e0chir
010 |a  82643186  
035 |a (WaSeSS)ssj0002176818 
040 |a DLC  |b eng  |c DLC  |d CUS  |d OCLCO  |d OCLCQ  |d OCLCF  |d OCLCQ  |d WaSeSS 
041 0 |a chi  |a eng 
042 |a pcc 
050 0 0 |a LB5  |b .C47 
082 0 |a 370/.5 
245 0 0 |6 880-01  |a Jiao yu xue kan  |h [electronic resource] /  |c Guo li Gaoxiong shi fan xue yuan jiao yu xue xi [he] Jiao yu yan jiu suo bian. 
246 1 5 |a Educational review 
260 |a Gaoxiong :  |b Guo li Gaoxiong shi fan xue yuan 
362 1 |a Print began with Di. 1 qi (Apr. 1979). 
506 |a License restrictions may limit access. 
546 |a Chinese and English. 
588 |a Description based on: Di 3 qi (min guo 70 nian 6 yue [June 1981]). 
650 0 |a Education. 
650 7 |a Education.  |2 fast  |0 (OCoLC)fst00902499 
655 0 |a Electronic journals. 
710 2 |6 880-02  |a Guo li Gaoxiong Shi fan xue yuan.  |b Jiao yu xue xi. 
710 2 |6 880-03  |a Guo li Gaoxiong Shi fan xue yuan.  |b Jiao yu yan jiu suo. 
850 |a DLC 
856 4 0 |z Full text available from Research Library: 06/01/2016 to 12/31/2017  |u https://search.proquest.com/publication/2050704 
856 4 0 |z Full text available from Research Library: 01/01/2019 to present  |u https://search.proquest.com/publication/2050704 
880 0 0 |6 245-01/$1  |a 教育學刊 /  |c 國立高雄師範學院教育學系[和] 教育研究所編. 
880 2 |6 710-02/$1  |a 國立高雄師範學院.  |b 教育學系. 
880 2 |6 710-03/$1  |a 國立高雄師範學院.  |b 教育研究所.